00723 a2200193 45000010006000000050017000060080041000230030015000640400040000790800085001192450068002040200018002722500012002902640033003023000025003350410008003601000030003688560131003982990420260407155609.0260407a2005 arg spa dAR-UNSa-BCEJYS aAR-UNSa-BCEJYSbspacAR-UNSa-BCEJYS a342.4xConstituciones. Asambleas legislativas. Asambleas nacionales (Reforma...)10aConstitución de la Nación Argentinapcomentada y concordada a987-03-0617-9 a3a. ed. 1aBuenos Aires :bLa Leyc2005 aliv, 1309 p.c25 cm. aspa1 aGelli, María Angélica41uhttps://biblioeco.unsa.edu.ar/pmb/images/libros/Constitucion de la Nacion Argentina2-l87392.jpgyImagen de portadaqimage/jpeg